| 000 | 01299cam a22002054a 4500 | ||
|---|---|---|---|
| 005 | 20250605163922.0 | ||
| 008 | 250528s ||||||||||||||||||||||||d | ||
| 035 | _a14440 | ||
| 020 | _a53498228 | ||
| 040 |
_aGR-AtMCL _bgre _dGR-AtMCL _eAACR2 |
||
| 245 | 1 | _aMathematics for Management and Finance / Sixth Edition | |
| 250 | _a6th | ||
| 260 |
_bSouth-Western Publishing Co, _c1990 |
||
| 300 | _a820 | ||
| 520 | _aBasic and Modern Mathematics, Review of Basic Arithmetic, Review of Basic Algebra, Supplemental Algebraic Operations, Basic Modern Algebra, Modern Algebra and Supplemental Topics, Mathematics in Business Management, Introduction to Statistical Methods, The Income Statement, Simple Interest and Simple Discount, Bank Discount and Negotiable Instruments, Mathematics in Investment - Basic Topics, Introduction to Calculators and Computers, Compound Interest - Computing Basic Values, Compound Interest - Additional Problems, Ordinary Annuities, Other Annuities Certain, Mathematics in Investment - Applications, Extinction of Debts, Investment in Bonds, Depreciation and Depletion, Pertity and Capitalization, Life Annuities, Life Insurance, Appendix Tables, Answers to Odd-Numbered Problems, Index. | ||
| 700 | 1 |
_aShao _9102 |
|
| 942 | _cBK | ||
| 999 |
_c73 _d73 |
||